书目信息 |
| 题名: |
纽伦堡审判
|
|
| 作者: | 罗兰德 著 ;曹永毅 译 | |
| 分册: | ||
| 出版信息: | 青岛 青岛出版社 2015 |
|
| 页数: | 237页 | |
| 开本: | 24cm | |
| 丛书名: | ||
| 单 册: | ||
| 中图分类: | K153 | |
| 科图分类: | ||
| 主题词: | 纽伦堡国际军事法庭--史料 | |
| 电子资源: | ||
| ISBN: | 978-7-5552-2323-8 | |
| 000 | 01297nam0 2200265 450 | |
| 001 | 012001004408 | |
| 005 | 20140928162349.0 | |
| 010 | @a978-7-5552-2323-8@dCNY35.00 | |
| 100 | @a20151101d2015 em y0chiy50 ea | |
| 101 | 1 | @achi@ceng |
| 102 | @aCN@b370000 | |
| 105 | @aa z 000yy | |
| 106 | @ar | |
| 200 | 1 | @a纽伦堡审判@9niu lun bao shen pan@dThe Nuremberg trials@zeng@f(英)保罗·罗兰德著@g曹永毅译 |
| 210 | @a青岛@c青岛出版社@d2015 | |
| 215 | @a237页@c图,照片@d24cm | |
| 314 | @a保罗·罗兰德,英国知名作家,著作有三十余本,代表作有《开膛手杰克的罪行》、《纳粹档案》、《纽伦堡审判》、《罪犯的心理》等。 | |
| 330 | @a本书揭示了纽伦堡审判鲜为人知的细节,还原历史真相,让人们永记历史教训。前言说明了为什么要再写一本关纽伦堡审判的书,导言回忆了当时纳粹集中营的惨状。正文分为六个章节。第一章解说了审判的原因。反法西斯胜利以后,盟军欲通过审判纳粹,让德国人以及世界各国都了解纳粹发动这场战争的反人类罪的本质,以便为后人敲响警钟;第二章对战犯的主要背景和在狱中的状况进行介绍。此书最后写了纽伦堡审判的历史意义,警戒后人牢记历史教训。 | |
| 510 | 1 | @aNuremberg trials@zeng |
| 606 | 0 | @a纽伦堡国际军事法庭@j史料 |
| 690 | @aK153@v5 | |
| 701 | 1 | @c(英)@a罗兰德@9luo lan de@b保罗@4著 |
| 702 | 0 | @a曹永毅@9cao yong yi@4译 |
| 801 | 0 | @aCN@b上海新华@c20180901 |
| 905 | @b1164950-4@dK153@e289@f5 | |
| 纽伦堡审判=The Nuremberg trials/(英)保罗·罗兰德著/曹永毅译.-青岛:青岛出版社,2015 |
| 237页:图,照片;24cm |
| ISBN 978-7-5552-2323-8:CNY35.00 |
| 本书揭示了纽伦堡审判鲜为人知的细节,还原历史真相,让人们永记历史教训。前言说明了为什么要再写一本关纽伦堡审判的书,导言回忆了当时纳粹集中营的惨状。正文分为六个章节。第一章解说了审判的原因。反法西斯胜利以后,盟军欲通过审判纳粹,让德国人以及世界各国都了解纳粹发动这场战争的反人类罪的本质,以便为后人敲响警钟;第二章对战犯的主要背景和在狱中的状况进行介绍。此书最后写了纽伦堡审判的历史意义,警戒后人牢记历史教训。 |
| ● |
| 相关链接 |
|
|
|
|
正题名:纽伦堡审判
索取号:K153/289
 
预约/预借
| 序号 | 登录号 | 条形码 | 馆藏地/架位号 | 状态 | 备注 |
| 1 | 1164950 | 211649509 | 第二样本阅览室/ [索取号:K153/289] | 在馆 | |
| 2 | 1164951 | 211649518 | 密集书库-史法系/ [索取号:K153/289] | 在馆 | |
| 3 | 1164952 | 211649527 | 第二借阅区/ [索取号:K153/289] | 在馆 | |
| 4 | 1164953 | 211649536 | 第二借阅区/ [索取号:K153/289] | 在馆 | |
| 5 | 1164954 | 211649545 | 第二借阅区/ [索取号:K153/289] | 在馆 |